| 000 | 01020nam a2200301 i 4500 | ||
|---|---|---|---|
| 001 | |||
| 003 | DO-SdBNP | ||
| 005 | 20240506134159.0 | ||
| 007 | ta | ||
| 008 | 091001s2018 dr ac 001 p sspadd | ||
| 020 | _a9789945091762 | ||
| 040 |
_aDO-SdBNP _bspa _cBNPHU _erda |
||
| 082 | 4 |
_aRD861.5 _bN124c _22018 |
|
| 100 | 1 |
_aNacidit-Perdomo, Ylonka, _924277 _eautora |
|
| 245 | 1 | 0 |
_aCarta al silencio / _cYlonka Nacidit-Perdomo ; prefacio, Jeannette Miller |
| 264 |
_aSanto Domingo : _bCrítica Canadiense Literaria sobre Escritoras Hispanoamericanas, (CDLEH), _c2018. |
||
| 300 |
_a72 páginas : _b _c23 cm. |
||
| 336 |
_2rdacontent _atexto _btxt |
||
| 337 |
_2rdamedia _asin mediación _bn |
||
| 338 |
_2rdacarrier _avolumen _bnc |
||
| 500 | _aIncluye datos biográficos de la autora en las solapas | ||
| 590 | _aInventariado, 2020/VM | ||
| 650 | 4 |
_aPoesía dominicana _966 |
|
| 650 | 0 |
_aLiteratura dominicana. _967 |
|
| 700 | 1 |
_aMiller, Jeannette, _d1944- _eprefacio _983484 |
|
| 910 | _aVMateo | ||
| 942 |
_2ddc _cLBS1 |
||
| 999 |
_c49067 _d49067 |
||